| 000 | 01164nam a2200277 i 4500 | ||
|---|---|---|---|
| 003 | EG-ScBUE | ||
| 005 | 20231030132831.0 | ||
| 008 | 100623s1963 le f 000 0cara d | ||
| 040 |
_aEG-ScBUE _bara _erda _cEG-ScBUE _dEG-ScBUE |
||
| 082 | 0 | 4 |
_bف ا ن _222 _a191 |
| 100 | 1 |
_aفان وسب، هـ. ب، _eمؤلف. |
|
| 240 | 1 | 0 |
_aSeven sages. _lArabic |
| 245 | 1 | 2 |
_aالحكماء السبعة / _cهـ. ب. فان وسب ؛ نقلة عن الإنكليزية يوسف الخال، أنيس فاخوري. |
| 250 | _aالطبعة الأولى. | ||
| 264 | 1 |
_aبيروت : _bدار مجلة الشعر، المكتبة العصرية، _c1963. |
|
| 300 |
_a360 صفحة : _c24 سم |
||
| 336 |
_2rdacontent _aنص _btxt |
||
| 337 |
_2rdamedia _aبدون وسيط _bn |
||
| 338 |
_2rdacarrier _aمجلد _bnc |
||
| 546 | _aالنص باللغة العربية وتم ترجمته من اللغة الإنجليزية. | ||
| 650 | 7 |
_915275 _aالفلاسفة الأمريكان _vتراجم. _2BUEsh |
|
| 655 | _vReading book | ||
| 700 | 1 |
_915096 _aالخال، يوسف، _eمترجم. |
|
| 700 | 1 |
_915095 _aفاخوري، أنيس، _eمترجم. |
|
| 942 |
_2ddc _cBB |
||
| 999 |
_c14174 _d14174 |
||